00697 2200217 4500001002100000005001700021008004100038035002500079040001200104082001500116084002000131100002000151245011200171260004600283300003100329500006300360650001300423700001300436850001200449990001800461INLIS00000000001035920150815142009.0  a0010-081500000001797 aYOPDYOG 223a618.97 aSK 618.97 Nur H aNURUL Purborini aHubungan kesejahteraan spiritual lansia dengan penerimaan diri lansia di PSTW Budi Luhurc/ Nurul Purborini aYogyakartabUniversitas Gadjah Madac2009 axii, 81 lembarc; 29,5 cm. aSkripsi Program Studi Ilmu Keperawatan Fakultas Kedokteran aGeriatri aPURWANTA aYOPDYOG a48369-PD/A.15